000 00731 a2200217 4500
005 2008090807207.0
008 080908t xxu||||| |||| 00| p eng d
010 _aENG-87629
020 _a8181573803
_c120.00
035 _aEN-71162
037 _bDBAD / PUB
082 _a881
100 _aBaruah, Rupanjali
245 _aAll things passing
_cby Rupanjali Baruah
260 _aCalcutta
_bWriters Workshop
_c2005
270 _a162/92, Lake Gardens,
_bCalcutta
_e700 045
300 _a64p.
_c22 cm (Hb)
490 _aWriters workshop redbird book
942 _adpl
_cEN
_kS / BAR
_2ddc
_hS
_mBAR
999 _c6733
_d6733